|
|
|
|
| LEADER |
00000nab#a22000007a#4500 |
| 001 |
arbauad029605 |
| 003 |
AR-BaUAD |
| 005 |
20250711112408.0 |
| 008 |
971217|||||||||###||||||b###|0###a|spa|| |
| 040 |
|
|
|a AR-BaUAD
|c AR-BaUAD
|b spa
|
| 245 |
1 |
0 |
|a Críticas
|
| 300 |
0 |
|
|b fot.
|
| 653 |
|
|
|a CINE
|
| 653 |
|
|
|a CRITICAS
|
| 653 |
|
|
|a LARGOMETRAJES
|
| 653 |
|
|
|a DIRECTORES DE CINE
|
| 653 |
|
|
|a ESTADOS UNIDOS
|
| 653 |
|
|
|a WOO, JOHN
|
| 653 |
|
|
|a ROSE, BERNARD
|
| 653 |
|
|
|a ESPAÑA
|
| 653 |
|
|
|a CAMUS, MARIO
|
| 653 |
|
|
|a CALPARSORO, DANIEL
|
| 653 |
|
|
|a THORNTON, BILLY BOB
|
| 653 |
|
|
|a IGLESIA, ALEX DE LA
|
| 653 |
|
|
|a RUDOLPH, ALAN
|
| 653 |
|
|
|a ITALIA
|
| 653 |
|
|
|a SCOLA, ETTORE
|
| 653 |
|
|
|a ARGENTINA
|
| 653 |
|
|
|a ARISTARAIN, ADOLFO
|
| 653 |
|
|
|a HOGAN, PAUL J.
|
| 653 |
|
|
|a AUSTRALIA
|
| 653 |
|
|
|a ALMODOVAR, PEDRO
|
| 653 |
|
|
|a REINO UNIDO
|
| 653 |
|
|
|a FINCH, CHARLES
|
| 653 |
|
|
|a NUEVA ZELANDA
|
| 653 |
|
|
|a NICHOLAS, GREGOR
|
| 653 |
|
|
|a LEDER, MIMI
|
| 653 |
|
|
|a BARDEM, JUAN ANTONIO
|
| 773 |
0 |
|
|t DIRIGIDO
|g Nº261 [oct. 1997], p. 10-29
|
| 942 |
|
|
|c ARTI
|
| 952 |
|
|
|0 0
|1 0
|4 0
|7 0
|9 74524
|a AR-BAuAD
|b AR-BAuAD
|d 2025-07-11
|l 0
|p AAQA029605
|r 2025-07-11 11:24:08
|w 2025-07-11
|y ARTI
|
| 990 |
|
|
|a C199
|b TD
|
| 998 |
|
|
|a AAQ
|b BIBUN76
|
| 999 |
|
|
|c 54197
|d 54197
|